<?xml version="1.0" encoding="UTF-8"?>
<collection xmlns="http://www.loc.gov/MARC21/slim">
 <record>
  <leader>00810pamaa2200229   4500</leader>
  <controlfield tag="001">0000045408</controlfield>
  <controlfield tag="005">20090618090000.0</controlfield>
  <controlfield tag="008">090618                             eng  </controlfield>
  <datafield tag="020" ind1="0" ind2="0">
   <subfield code="a">9780061336454 (pbk.) </subfield>
  </datafield>
  <datafield tag="090" ind1="0" ind2="0">
   <subfield code="a">HG222.3 </subfield>
   <subfield code="b">EKE 2005</subfield>
  </datafield>
  <datafield tag="100" ind1="1" ind2="0">
   <subfield code="a">Eker </subfield>
  </datafield>
  <datafield tag="245" ind1="1" ind2="0">
   <subfield code="a">Secrets of the millionaire mind : </subfield>
   <subfield code="b">mastering the inner game of wealth  </subfield>
   <subfield code="c">T. Harv Eker.</subfield>
  </datafield>
  <datafield tag="260" ind1="0" ind2="0">
   <subfield code="a">New York: </subfield>
   <subfield code="b">HarperCollins Publishers, </subfield>
   <subfield code="c">2005.</subfield>
  </datafield>
  <datafield tag="300" ind1=" " ind2=" ">
   <subfield code="a">210 p.; </subfield>
   <subfield code="c">21 cm.</subfield>
  </datafield>
  <datafield tag="500" ind1="0" ind2="0">
   <subfield code="a">Includes index</subfield>
  </datafield>
  <datafield tag="650" ind1="0" ind2="0">
   <subfield code="a">Money -- </subfield>
   <subfield code="x">Psychological aspects </subfield>
  </datafield>
  <datafield tag="650" ind1="0" ind2="0">
   <subfield code="a">Millionaires -- </subfield>
   <subfield code="x">Psychology </subfield>
  </datafield>
  <datafield tag="650" ind1="0" ind2="0">
   <subfield code="a">Rich people -- </subfield>
   <subfield code="x">Psychology </subfield>
  </datafield>
  <datafield tag="650" ind1="0" ind2="0">
   <subfield code="a">Wealth -- </subfield>
   <subfield code="x">Psychological aspects </subfield>
  </datafield>
  <datafield tag="650" ind1="0" ind2="0">
   <subfield code="a">Capitalists and financiers -- </subfield>
   <subfield code="x">Psychology </subfield>
  </datafield>
  <datafield tag="650" ind1="0" ind2="0">
   <subfield code="a">Success in business -- </subfield>
   <subfield code="x">Psychological aspects </subfield>
  </datafield>
  <datafield tag="901" ind1=" " ind2=" ">
   <subfield code="u">www.harpercollins.com</subfield>
  </datafield>
 </record>
</collection>
